000 00400 a2200157 4500
001 71626
020 _a8572080449
040 _cAnchieta - Colégio São Paulo
100 _aJunqueira, Sônia
240 1 0 _aO que aconteceu no caldeirão da bruxa?
_lpor
245 1 0 _aO que aconteceu no caldeirão da bruxa?
300 _a15
362 0 _a1989
650 4 _aLiteratura infanto-juvenil
942 _cBK
999 _c71626
_d71626